survey on prevalent of newcastle, fowl pox and fowl cholera local chicken at poreing district, preyveng province (ការអង្កេតការរាតត្បាតនៃជំងឺដង្កោកាច់ អុត និង អាសន្នរោគទៅលើពូជមាន់ក្នុងស្រុកនៅស្រុកពោធិ៍រៀង ខេត្តព្រៃវែង) (Record no. 2642)

000 -LEADER
fixed length control field 00765nam a22001337a 4500
040 ## - CATALOGING SOURCE
Transcribing agency RUA
082 ## - DEWEY DECIMAL CLASSIFICATION NUMBER
Classification number AVM TEN 2013 B106 Or.1
100 ## - MAIN ENTRY--AUTHOR NAME
Personal name TENG, RATHA.
245 ## - TITLE STATEMENT
Title survey on prevalent of newcastle, fowl pox and fowl cholera local chicken at poreing district, preyveng province (ការអង្កេតការរាតត្បាតនៃជំងឺដង្កោកាច់ អុត និង អាសន្នរោគទៅលើពូជមាន់ក្នុងស្រុកនៅស្រុកពោធិ៍រៀង ខេត្តព្រៃវែង)
260 ## - PUBLICATION, DISTRIBUTION, ETC. (IMPRINT)
Place of publication Phnom Penh
Name of publisher RUA
Year of publication 2013
300 ## - PHYSICAL DESCRIPTION
Number of Pages x, 47p.
Other physical details ill.
Dimensions 29cm.
856 ## - ELECTRONIC LOCATION AND ACCESS
Uniform Resource Identifier https://drive.google.com/file/d/197rwj_P1CI5AyUlTymUvWOZue-HSo8up/view?usp=sharing
942 ## - ADDED ENTRY ELEMENTS (KOHA)
Koha item type AVM
952 ## - LOCATION AND ITEM INFORMATION (KOHA)
Withdrawn status [LOCAL, KOHA] 0
952 ## - LOCATION AND ITEM INFORMATION (KOHA)
Withdrawn status [LOCAL, KOHA] 0
952 ## - LOCATION AND ITEM INFORMATION (KOHA)
Withdrawn status [LOCAL, KOHA] 0
952 ## - LOCATION AND ITEM INFORMATION (KOHA)
Withdrawn status [LOCAL, KOHA] 0
952 ## - LOCATION AND ITEM INFORMATION (KOHA)
Withdrawn status [LOCAL, KOHA] 0
952 ## - LOCATION AND ITEM INFORMATION (KOHA)
Withdrawn status [LOCAL, KOHA] 0
952 ## - LOCATION AND ITEM INFORMATION (KOHA)
Withdrawn status [LOCAL, KOHA] 0
952 ## - LOCATION AND ITEM INFORMATION (KOHA)
Withdrawn status [LOCAL, KOHA] 0
Holdings
Permanent Location Date acquired Koha item type Lost status Shelving location Barcode Current Location Full call number
Library Block B2015-10-24AVM B106RUA015665Library Block BAVM TEN 2013 B106 Or.1
Library Block B2015-10-24AVM B106RUA015525Library Block BAVM TEN 2013 B106 Or.2
Library Block B2015-10-24AVM B106RUA011021Library Block BAVM TEN 2013 B106 Or.3
Library Block B2015-10-24AVM B106RUA008897Library Block BAVM TEN 2013 B106 Or.4
Library Block B2015-10-24AVM B106RUA008961Library Block BAVM TEN 2013 B106 Or.5
Library Block B2015-10-24AVM B106RUA015769Library Block BAVM TEN 2013 B106 Or.6
Library Block B2015-10-28AVM B106RUA012658Library Block BAVM TEN 2013 B106 Or.7
Library Block B2019-07-12AVM B1.230A38227Library Block BAVM TEN 2013 B1.230 Or.1
មជ្ឈមណ្ឌលឯការនៃសាកលវិទ្យាល័យភូមិន្ទកសិកម្មចំការដូង

Powered by Koha